000 00837nam a2200265 i 4500
003 DO-SdBNP
005 20240514142422.0
007 ta
008 240514b2023 dr ac||| |||| 00| 0 spa d
020 _a9789945648713
040 _aBNPHU
_bspa
_cBNPHU
_erda
082 4 _222
100 _aGarcía Bidó, Rafael,
_918198
_eautor
245 1 0 _aCiguayos, un pueblo olvidado /
_cRafael García Bidó
264 _aSanto Domingo :
_bSantuario,
_c2023.
300 _a103 páginas :
_bilustraciones, retratos ;
_c23 cm.
336 _2rdacontent
_atexto
_btxt
337 _2rdamedia
_asin mediación
_bn
338 _2rdacarrier
_avolumen
_bnc
500 _aIncluye datos biográficos del autor en la solapa de la cubierta
504 _aBibliografía : p. 99-103
590 _aInventariado, 2024/BT
910 _aBtavárez
942 _2ddc
_cLBS1
999 _c56662
_d56662